Signe astrologique des Kardashian/Jenner - Statistiques

Statistiques générales
  • Ce quiz a été pris 115 fois
  • Le résultat moyen est 8 sur 24
Statistiques - réponses
Hint Réponse % Correct
Kris Kardashian Scorpion
78%
Kim Kardashian Balance
66%
Kendall Jenner Scorpion
64%
Kylie Jenner Lion
58%
Khloé Kardashian Cancer
56%
Kourtney Kardashian Bélier
55%
Robert Kardashian Sr. Poisson
48%
Caitlyn Jenner Scorpion
34%
Kanye West/Ye Gémeaux
29%
Stormi Webster Verseau
27%
Robert Jr. Kardashian Poisson
26%
Aire Webster Verseau
25%
North West Gémeaux
23%
Scott Disick Gémeaux
19%
Chicago West Capricorne
18%
Péneloppe Disick Cancer
16%
Mason Disick Sagittaire
16%
Dream Kardashian Scorpion
16%
Travis Scott Taureau
16%
True Thompson Bélier
15%
Tristan Thompson Poisson
15%
Reign Disick Sagittaire
15%
Saint West Sagittaire
14%
Psalm West Taureau
12%
Aucun quiz correspondant
Distribution des résultats
% des personnes avec chaque résultat
Percentile par nombre de réponses
Votre historique - résultats
Vous n’avez pas pris ce quiz